| 000 | 00637nam a22001937a 4500 | ||
|---|---|---|---|
| 005 | 20251108173451.0 | ||
| 008 | 250721s2006 xx 000 0 ara d | ||
| 082 | 1 | 4 | _aم/ 338.18565/ أرد |
| 245 | 1 | 0 | _aالميزانية الغذائية 2005 و متوسط الفترة 2003-2005 / |
| 246 | 1 | 1 | _afood balance sheet 2005 & average 2003-2005 |
| 264 | 1 |
_aعمان : _bدائرة الإحصاءات العامة، _c2006. |
|
| 300 | _a52ص. | ||
| 650 | 1 | 7 | _aالميزانيات |
| 650 | 1 | 7 | _aالإحصاءات الإقتصادية |
| 650 | 1 | 7 | _aالأردن |
| 650 | 1 | 7 | _aالجداول |
| 942 |
_2ddc _cREF |
||
| 999 |
_c104560 _d104560 |
||